[Event "IECC CL6-2006.15 email"]
[Site "IECC email"]
[Date "2006.09.06"]
[Round "?"]
[White "Von Rosenberg, Clemens"]
[Black "Hernandez, Sebastian"]
[Result "1-0"]
[WhiteElo "1422"]
[BlackElo "1236"]
[PlyCount "71"]
[EventDate "2006.??.??"]
[EventType "tourn (corr)"]
[EventRounds "4"]
[SourceTitle "Corr 2020"]
[Source "ChessBase"]
[SourceDate "2019.09.30"]
[SourceVersion "1"]
[SourceVersionDate "2019.09.30"]
[SourceQuality "1"]
[WhiteTeam "Germany"]
[BlackTeam "Argentina"]
[WhiteTeamCountry "GER"]
[BlackTeamCountry "ARG"]

1. e4 c5 2. Nf3 d6 3. d4 cxd4 4. Nxd4 Nf6 5. Nc3 a6 6. Bg5 e6 7. f4 Be7 8. Qf3 Qc7 9. 0-0-0 Nbd7 10. g4 b5 11. Bxf6 Nxf6 12. g5 Nd7 13. f5 Nc5 14. f6 gxf6 15. gxf6 Bf8 16. Qh5 Rg8 17. Qxh7 Rg6 18. a3 Rxf6 19. Qh4 Rh6 20. Qf2 Nd7 21. Bg2 Ne5 22. h3 Bb7 23. Rhf1 0-0-0 24. Kb1 Kb8 25. Nb3 Be7 26. Rg1 f6 27. Bf1 Nf7 28. Nd4 Qd7 29. Rg7 Ng5 30. h4 Nxe4 31. Nxe4 Bxe4 32. Bd3 Bb7 33. Re1 Re8 34. Rxe6 Qd8 35. Re2 Bf8 36. Nc6+ 1-0

[Event "IECC CL7-2005.09 email"]
[Site "IECC email"]
[Date "2005.05.31"]
[Round "?"]
[White "Detain, Tom"]
[Black "Hernandez, Sebastian"]
[Result "1-0"]
[WhiteElo "1231"]
[BlackElo "1211"]
[PlyCount "55"]
[EventDate "2005.??.??"]
[EventType "tourn (corr)"]
[EventRounds "4"]
[SourceTitle "Corr 2008"]
[Source "ChessBase"]
[SourceDate "2008.06.24"]
[SourceVersion "1"]
[SourceVersionDate "2008.06.24"]
[SourceQuality "1"]

1. d4 Nf6 2. c4 c5 3. d5 d6 4. Nc3 e6 5. e4 exd5 6. cxd5 g6 7. Bb5+ Bd7 8. Bg5 Bxb5 9. Nxb5 a6 10. Bxf6 Qxf6 11. Nc7+ Kd8 12. Nxa8 b5 13. Qd2 Nd7 14. Qa5+ Ke7 15. Nf3 Bh6 16. Qxa6 Qxb2 17. 0-0 b4 18. Nb6 Nxb6 19. Qxb6 Rd8 20. Rfe1 f6 21. h3 Rd7 22. e5 fxe5 23. Rad1 Kf8 24. Qc6 Ke7 25. Rxe5+ dxe5 26. Qe6+ Kd8 27. Nxe5 Rg7 28. d6 1-0

[Event "IECC CL7-2005.09 email"]
[Site "IECC email"]
[Date "2005.05.31"]
[Round "?"]
[White "Hernandez, Sebastian"]
[Black "Copin, Jean Christophe"]
[Result "1-0"]
[WhiteElo "1207"]
[BlackElo "1148"]
[PlyCount "83"]
[EventDate "2005.??.??"]
[EventType "tourn (corr)"]
[EventRounds "4"]
[SourceTitle "Corr 2008"]
[Source "ChessBase"]
[SourceDate "2008.06.24"]
[SourceVersion "1"]
[SourceVersionDate "2008.06.24"]
[SourceQuality "1"]

1. e4 c5 2. d3 Nc6 3. g3 Nf6 4. Bg2 d5 5. Nc3 e6 6. Bg5 Be7 7. f4 Nb4 8. a3 d4 9. axb4 dxc3 10. bxc5 cxb2 11. Ra2 Qd4 12. Ne2 Qe3 13. Rxb2 Ng4 14. Rf1 Nxh2 15. Bxe7 Kxe7 16. d4 Qa3 17. Qc1 Qa5+ 18. c3 Nxf1 19. Kxf1 f6 20. e5 Qc7 21. Qe3 h6 22. d5 exd5 23. Bxd5 fxe5 24. fxe5 Rf8+ 25. Kg2 Be6 26. Bxe6 Qc6+ 27. Kg1 Qxe6 28. Rxb7+ Ke8 29. Nf4 Rxf4 30. gxf4 Qg4+ 31. Kf2 Rd8 32. Rb1 Rd1 33. Rxd1 Qxd1 34. Qd4 Qc2+ 35. Kf3 Qb3 36. c6 Qe6 37. Qd6 Qh3+ 38. Ke4 a5 39. e6 Qh1+ 40. Kd4 Qd1+ 41. Kc5 Qg1+ 42. Qd4 1-0

[Event "IECC CL7-2004.19 email"]
[Site "IECC email"]
[Date "2004.12.06"]
[Round "?"]
[White "Belej, Juan"]
[Black "Hernandez, Sebastian"]
[Result "0-1"]
[WhiteElo "1073"]
[BlackElo "1179"]
[PlyCount "58"]
[EventDate "2004.??.??"]
[EventType "tourn (corr)"]
[EventRounds "4"]
[SourceTitle "Corr 2008"]
[Source "ChessBase"]
[SourceDate "2008.06.24"]
[SourceVersion "1"]
[SourceVersionDate "2008.06.24"]
[SourceQuality "1"]

1. e4 c6 2. d3 e5 3. Nf3 d6 4. g3 Bg4 5. Bg2 Nf6 6. 0-0 Be7 7. Nc3 0-0 8. b3 Na6 9. Bb2 Nc7 10. Qd2 Qd7 11. d4 exd4 12. Nxd4 Rfe8 13. Rfe1 Rad8 14. f3 Bh5 15. Nf5 Bf8 16. Ne2 Bg6 17. Bh3 Ne6 18. Nf4 Qc7 19. Bxf6 gxf6 20. Rad1 Ng5 21. Qd4 Nxf3+ 22. Kh1 Nxd4 23. Rxd4 d5 24. Nh4 dxe4 25. Rxd8 Qxd8 26. c4 Bh6 27. Bf5 Qd2 28. Rxe4 Rxe4 29. Bxe4 Bxe4+ 0-1

[Event "IECC M-5165"]
[Site "IECC email"]
[Date "2004.11.30"]
[Round "?"]
[White "Anter, Steven"]
[Black "Hernandez, Sebastian"]
[Result "0-1"]
[WhiteElo "1203"]
[BlackElo "1185"]
[PlyCount "86"]
[EventDate "2004.??.??"]
[EventType "tourn (corr)"]
[EventRounds "10"]
[SourceTitle "Corr 2020"]
[Source "ChessBase"]
[SourceDate "2019.09.30"]
[SourceVersion "1"]
[SourceVersionDate "2019.09.30"]
[SourceQuality "1"]
[WhiteTeam "United States"]
[BlackTeam "Argentina"]
[WhiteTeamCountry "USA"]
[BlackTeamCountry "ARG"]

1. e4 c6 2. Nf3 d5 3. exd5 cxd5 4. d4 Nc6 5. Nc3 Bg4 6. h3 Bh5 7. g4 Bg6 8. Bf4 e6 9. Nb5 Rc8 10. a3 a6 11. Nc3 Nf6 12. Ne5 Nxe5 13. dxe5 Ne4 14. Qd4 Bc5 15. Qa4+ Qd7 16. Qxd7+ Kxd7 17. Nxe4 Bxe4 18. Rh2 Bxc2 19. f3 Bb3 20. Rd2 Bb6 21. Rd3 Ba4 22. Rc3 Ba5 23. Bd2 Bxc3 24. Bxc3 Bb3 25. a4 Bc4 26. Bg2 h5 27. g5 b5 28. f4 bxa4 29. Rxa4 Bb5 30. Rd4 Rc4 31. f5 Rxd4 32. Bxd4 Rc8 33. Bf3 g6 34. fxg6 fxg6 35. Bc3 Bd3 36. Kd2 Bf5 37. h4 Rc4 38. Be2 Ra4 39. Ke3 Kc6 40. Bd1 Rxh4 41. Ba5 Re4+ 42. Kf2 Rxe5 43. Be2 Kb7 0-1

[Event "IECC KO-1050"]
[Site "IECC email"]
[Date "2004.11.05"]
[Round "?"]
[White "Guisado, Francisco"]
[Black "Hernandez, Sebastian"]
[Result "1-0"]
[WhiteElo "1037"]
[BlackElo "1202"]
[PlyCount "75"]
[EventDate "2004.??.??"]
[EventType "match (corr)"]
[EventRounds "2"]
[SourceTitle "Corr 2020"]
[Source "ChessBase"]
[SourceDate "2019.09.30"]
[SourceVersion "1"]
[SourceVersionDate "2019.09.30"]
[SourceQuality "1"]
[WhiteTeam "Spain"]
[BlackTeam "Argentina"]
[WhiteTeamCountry "ESP"]
[BlackTeamCountry "ARG"]

1. Nf3 d5 2. c4 c6 3. b3 Bg4 4. Bb2 e6 5. g3 Nf6 6. Bg2 Nbd7 7. 0-0 Bd6 8. d3 0-0 9. Nbd2 e5 10. h3 Bf5 11. e4 Be6 12. Ng5 h6 13. exd5 cxd5 14. Nxe6 fxe6 15. a3 a5 16. Nf3 Rc8 17. a4 Qe7 18. Re1 d4 19. Nh4 Qf7 20. Re2 Nc5 21. Ba3 b6 22. b4 axb4 23. Bxb4 Nfd7 24. a5 bxa5 25. Rxa5 Rb8 26. Bxc5 Nxc5 27. Nf3 Qc7 28. Rea2 Rb7 29. Nxe5 Rb6 30. Ra7 Qd8 31. Ng6 Rf7 32. Ra8 Bb8 33. Ne5 Rc7 34. Qh5 Qe7 35. Qg6 Rc8 36. R2a7 Rc7 37. Nc6 Qd6 38. Rxc7 1-0